书目信息 |
| 题名: |
有趣的偶然世界
|
|
| 作者: | 张文忠 著 | |
| 分册: | ||
| 出版信息: | 北京 北京出版社 1983 |
|
| 页数: | 115页 | |
| 开本: | 19cm | |
| 丛书名: | 自然科学小丛书 | |
| 单 册: | ||
| 中图分类: | O211-49 | |
| 科图分类: | ||
| 主题词: | 概率论--普及读物 | |
| 电子资源: | ||
| ISBN: | ||
| 000 | 00684nam2 2200253 45 | |
| 001 | 0183011931 | |
| 005 | 20060812171757.07 | |
| 010 | @dCNY0.33 | |
| 091 | @a13071.150 | |
| 100 | @a19950525d1983 em y0chiy0121 ea | |
| 101 | 0 | @achi |
| 102 | @aCN@b110000 | |
| 105 | @ay z 000yy | |
| 200 | 10 | @a有趣的偶然世界@Ayou qu de ou ran shi jie@f张文忠著 |
| 210 | @a北京@c北京出版社@d1983 | |
| 215 | @a115页@d19cm | |
| 225 | 2 | @a自然科学小丛书 |
| 410 | 0 | @120010@a自然科学小丛书 |
| 606 | @a概率论@x普及读物 | |
| 690 | @aO211-49@v3 | |
| 701 | 0 | @a张文忠@Azhang wen zhong@4著 |
| 801 | 2 | @aCN@bNLC@c20060812 |
| 801 | 0 | @aCN@b上海图书馆@c20040521 |
| 905 | @f2@b102035-036@dO211-49@e44 | |
| 有趣的偶然世界/张文忠著.-北京:北京出版社,1983 |
| 115页;19cm.-(自然科学小丛书) |
| ISBN :CNY0.33 |
| ● |
| 相关链接 |
|
|
|
|
正题名:有趣的偶然世界
索取号:O211-49/44
 
预约/预借
| 序号 | 登录号 | 条形码 | 馆藏地/架位号 | 状态 | 备注 |
| 1 | 0102035 | 000403664 | 第三借阅区/ [索取号:O211-49/44] | 在馆 | |
| 2 | 0102036 | 000403655 | 第三借阅区/ [索取号:O211-49/44] | 在馆 | |
| 3 | 0102037 | 202095071 | 第二样本阅览室/ [索取号:O211-49/44] | 在馆 | |
| 4 | 0452502 | 204525022 | 密集书库/ [索取号:O211-49/44] | 在馆 |